000
00307nam a22001337a 4500
008
170616b xxu||||| |||| 00| 0 eng d
020
_a
660813014955
041
_a
eng
080
_a
32
100
_a
20
101
_a
shp
245
_a
CHOOSING THE PRESIDENT 2004
_c
LEAGUE OF WOMEN VOTERS
942
_2
udc
_c
BK
999
_c
17809
_d
17809